Die teuersten Fußballtransfers - Geboren 1998 - Statistiken

Allgemein
  • Dieses Quiz wurde 34 mal gespielt
  • Das Durchschnittsergebnis liegt bei 8 aus 11
Antwortstatistiken
Fee (M €) Season Nationality Left Joined Player % Korrekt
68,00 2021-2022 Marokko Inter Mailand Paris SG Achraf Hakimi
97%
64,00 2018-2019 Vereinigte Staaten Borussia Dortmund FC Chelsea Christian Pulisic
97%
180,00 2018-2019 Frankreich AS Monaco Paris SG Kylian Mbappé
97%
95,00 2023-2024 Frankreich Eintracht Frankfurt Paris SG Randal Kolo Muani
93%
77,50 2020-2021 Nigeria LOSC Lille SSC Neapel Victor Osimhen
87%
50,00 2019-2020 Brasilien FC Porto Real Madrid Éder Militão
67%
57,37 2022-2023 Argentinien Ajax Amsterdam Manchester United Lisandro Martínez
63%
65,30 2022-2023 Spanien Brighton FC Chelsea Marc Cucurella
63%
50,00 2022-2023 Frankreich FC Sevilla FC Barcelona Jules Koundé
57%
52,00 2022-2023 Argentinien Atalanta Bergamo Tottenham Cristian Romero
53%
62,00 2023-2024 Portugal Wolverhampton Manchester City Matheus Nunes
53%
Keine übereinstimmenden Quizze gefunden
Verteilung der Resultate
Anzahl Personen mit jedem Resultat
Perzentil nach korrekt beantworteten Fragen
Ihre Resultats-Entwicklung
Sie haben dieses Quiz noch nicht gespielt